<?xml version="1.0" encoding="UTF-8"?><?xml-stylesheet type="text/xsl" href="static/style.xsl"?><OAI-PMH xmlns="http://www.openarchives.org/OAI/2.0/" xmlns:xsi="http://www.w3.org/2001/XMLSchema-instance" xsi:schemaLocation="http://www.openarchives.org/OAI/2.0/ http://www.openarchives.org/OAI/2.0/OAI-PMH.xsd"><responseDate>2026-04-28T21:10:46Z</responseDate><request verb="GetRecord" identifier="oai:uvadoc.uva.es:10324/57725" metadataPrefix="marc">https://uvadoc.uva.es/oai/request</request><GetRecord><record><header><identifier>oai:uvadoc.uva.es:10324/57725</identifier><datestamp>2023-01-10T08:40:08Z</datestamp><setSpec>com_10324_1695</setSpec><setSpec>com_10324_954</setSpec><setSpec>com_10324_894</setSpec><setSpec>col_10324_1697</setSpec></header><metadata><record xmlns="http://www.loc.gov/MARC21/slim" xmlns:doc="http://www.lyncode.com/xoai" xmlns:xsi="http://www.w3.org/2001/XMLSchema-instance" xmlns:dcterms="http://purl.org/dc/terms/" xsi:schemaLocation="http://www.loc.gov/MARC21/slim http://www.loc.gov/standards/marcxml/schema/MARC21slim.xsd">
<leader>00925njm 22002777a 4500</leader>
<datafield tag="042" ind1=" " ind2=" ">
<subfield code="a">dc</subfield>
</datafield>
<datafield tag="720" ind1=" " ind2=" ">
<subfield code="a">Andrés González, Patricia</subfield>
<subfield code="e">author</subfield>
</datafield>
<datafield tag="260" ind1=" " ind2=" ">
<subfield code="c">2022</subfield>
</datafield>
<datafield tag="520" ind1=" " ind2=" ">
<subfield code="a">Descripción de la empresa utilizada por Juan de Arfe para la custodia de la Catedral de Valladolid, con el título Dispar éxitos</subfield>
</datafield>
<datafield tag="024" ind2=" " ind1="8">
<subfield code="a">Andrés González, Patricia, “Dispar exitus”. En: Liber Amicorum: emblems and studies. Edited byPedro Germano Leal.  Society for emblems studies, 2022, pp. 55-56 (edición digital:  https://ia802500.us.archive.org/33/items/2022-ses-liber-amicorum/2022%20SES%20Liber%20Amicorum.pdf )</subfield>
</datafield>
<datafield tag="024" ind2=" " ind1="8">
<subfield code="a">https://uvadoc.uva.es/handle/10324/57725</subfield>
</datafield>
<datafield tag="024" ind2=" " ind1="8">
<subfield code="a">55</subfield>
</datafield>
<datafield tag="024" ind2=" " ind1="8">
<subfield code="a">56</subfield>
</datafield>
<datafield tag="024" ind2=" " ind1="8">
<subfield code="a">Liber Amicorum: emblems and studies</subfield>
</datafield>
<datafield tag="245" ind1="0" ind2="0">
<subfield code="a">Dispar exitus</subfield>
</datafield>
</record></metadata></record></GetRecord></OAI-PMH>